The New Hide or Seek: building confidence in your child (Record no. 8561)

MARC details
000 -LEADER
fixed length control field 00459nam a2200157 a 4500
020 ## - INTERNATIONAL STANDARD BOOK NUMBER
ISBN 0800756800 (paperback)
020 ## - INTERNATIONAL STANDARD BOOK NUMBER
ISBN 9780800756802 (paperback)
100 1# - MAIN ENTRY--AUTHOR NAME
Personal name Dobson, James.
245 14 - TITLE STATEMENT
Title The New Hide or Seek: building confidence in your child
250 ## - EDITION STATEMENT
Edition statement .
-- [S
260 ## - PUBLICATION, DISTRIBUTION, ETC. (IMPRINT)
Name of publisher Revell,
Year of publication 1974.
Place of publication 23
300 ## - PHYSICAL DESCRIPTION
Number of Pages Fr
650 ## - SUBJECT ADDED ENTRY--TOPICAL TERM
Topical Term Self-esteem in children.
856 ## - ELECTRONIC LOCATION AND ACCESS
Uniform Resource Identifier http://www.amazon.com/exec/obidos/ASIN/0800756800/chopaconline-20
942 ## - ADDED ENTRY ELEMENTS (KOHA)
Koha item type Books
Holdings
Withdrawn status Lost status Home library Current library Date acquired Full call number Accession Number Koha item type
    Central Library, QUEST, Nawabshah Central Library, QUEST, Nawabshah 05/08/2014 649.1019DOB 23076 Books